000 00640cam a2200193 4500
001 ##D16130
008 090401t1972 xxu||||| |||| 00| 0 eng d
035 _a(Sirsi) u27286
041 0 _aeng
050 0 4 _a333.0062 $2 18
090 _aRICS 1971/35ABC
110 2 _aRoyal Institution of Chartered Surveyors
_94900
245 0 0 _aRoyal charters and bye-laws, 1958; bye-laws amended 1964, 1969, 1970, 1971, royal charters amended 1968 & 1969
260 _aLondon
_bRICS
_c1972
300 _a64p.
_c22cm.
690 _aABOUT RICS-RICS STRUCTURE AND GOVERNANCE-RICS REGULATIONS-RICS CONDUCT REGULATIONS
942 _n0
948 _c04/03/1997
999 _c89087
_d89087